| 000 | 02197cam a2200241 4500 | ||
|---|---|---|---|
| 001 | 7048 | ||
| 005 | 20181127182817.0 | ||
| 008 | 030314s2003 iaua b s001 0 eng | ||
| 020 | _a0813819997 (acid-free paper) | ||
| 082 | 0 | 0 |
_a070.4/493058 _221 |
| 100 |
_aCropp, Fritz _b _c _d _eeditor _q |
||
| 245 | 0 | 0 |
_aJournalism across cultures / _c[edited by] Fritz Cropp, Cynthia Frisby, Dean Mills. |
| 260 |
_aAmes : _bIowa State Press, _cc2003. |
||
| 300 |
_axvii, 249 p. : _bill. ; _c24 cm. |
||
| 504 | _aIncludes bibliographical references and index. | ||
| 505 |
_aChapter 1, "Covering the Undercovered: The Evolution of Diversity in the News," Ronald B. Kelley and Dean Mills - - Chapter 2, "Women, Gender and the Media: A Look at Representation, Coverage and Workplace Issues," Jan Colbert -- Chapter 3, "A Problematic Press: Latinos and the News," Mercedes Lynn de Uriarte -- Chapter 4, "Media Coverage of Arabs and Arab Americans," Wesley G. Pippert -- Chapter 5, "The Changing Coverage of Gay, Lesbian, Bisexual and Transgendered Communities," Roy Aarons -- Chapter 6, "Just Don't Call 'EM 'Old Folks'," Kent S. Collins -- Chapter 7, "Taking the Mystery out of Native American Coverage," Teresa Trumbly Lamsam and Dennis McAuliffe Jr. -- Chapter 8, "Covering Religion," Judith M. Buddenbaum -- Chapter 9, "The Changing Faces of Advertising: Minority Images and the Media," Cynthia M. Frisby -- Chapter 10, "People with Disabilities," Elizabeth Wissner-Gross, with contributions by Alexander Wissner-Gross -- Chapter 11, "From a Troubled Past to a Confused Present: The Need for Better Coverage of Asian Americans," Fritz Cropp _g _r _t |
||
| 520 | _aAimed at undergraduates in international or cross-cultural journalism courses, this book provides an overview of journalism issues across lines of race, culture, gender, age, sexual orientation, and ideology. It offers a report on an innovative approach to improved coverage of minorities through journalist and researcher collaboration. | ||
| 650 | 0 |
_aMinorities _xPress coverage _zUnited States. |
|
| 700 | 1 | _aCropp, Fritz. | |
| 700 | 1 | _aFrisby, Cynthia M. | |
| 700 | 1 | _aMills, Dean. | |
| 999 |
_c5983 _d5983 |
||